| 000 | 00597cam a2200181 i 4500 | ||
|---|---|---|---|
| 999 |
_c57410 _d57410 |
||
| 001 | 18505854 | ||
| 005 | 20221109173935.0 | ||
| 008 | 150225s2016 nyua b 001 0 eng | ||
| 020 | _a9780415748032x | ||
| 041 | _aeng | ||
| 080 | _a316.77 C-90 | ||
| 100 | 1 |
_aCroucher, Stephen Michael _d _98481 |
|
| 245 | 1 | 0 |
_aUnderstanding communication theory : _ba beginner's guide / _cStephen M. Croucher. |
| 264 | 1 |
_aNew York, NY : _bRoutledge/Taylor & Francis Group, _c2016. |
|
| 300 |
_a365 pages : _billustrations ; _c27 cm. |
||
| 653 | _aტელეკომუნიკაცია | ||
| 942 |
_2udc _cBK |
||